| 000 | 01387cam a22003857a 4500 | ||
|---|---|---|---|
| 003 | CHAP | ||
| 005 | 20220329142024.0 | ||
| 008 | 990305d1996 mx r 00010 spa d | ||
| 010 | _a77187 | ||
| 011 | _a78159 | ||
| 035 | _a88015 | ||
| 040 | _cCHAP | ||
| 090 | _aFolleto 15150 | ||
| 100 | 0 | 0 |
_aHernández Trillo, Fausto. _954681 |
| 245 | 1 | 0 |
_aEs disciplinado el mercado crediticio estatal mexicano? : _baristas para el nuevo federalismo _c/por Fausto Hernández Trillo |
| 260 |
_aMéxico, D.F. : _bCentro de Investigación y Docencia Económicas. División de Economía, _c1996. |
||
| 300 |
_a16 h. : _bgráfs. ; cuadros |
||
| 410 | 2 | 1 | _aCIDE. División de Economía |
| 490 | 0 |
_aDocumento de trabajo _v; 54 |
|
| 590 |
_aBATCH-UPD _b10 _c20130110 _lUCH01 _h0549 |
||
| 590 |
_aBATCH-UPD _b10 _c20130110 _lUCH01 _h2345 |
||
| 590 |
_aBATCH-UPD _b10 _c20130410 _lUCH01 _h0230 |
||
| 590 |
_aBATCH-UPD _b10 _c20130410 _lUCH01 _h1633 |
||
| 590 |
_aBATCH-UPD _b10 _c20130914 _lUCH01 _h1203 |
||
| 590 |
_aCONVERSION _b10 _c20130109 _lUCH01 _h1342 |
||
| 650 | 1 | 4 |
_aDeuda pública. _932222 |
| 650 | 1 | 4 |
_aFinanzas estatales. _940946 |
| 650 | 1 | 4 |
_aGobierno federal. _948406 |
| 810 | 0 | 0 |
_aCIDE. División de Economía _923094 |
| 830 | 0 |
_aDocumento de trabajo _v; 54 _933227 |
|
| 901 | _aBK | ||
| 905 | _aGuadalupe Pinto C. | ||
| 942 | _cFOLL | ||
| 949 |
_aFolleto 15150 _bBC _cFOLL _d800151 _eTS1 _i88015 _sb |
||
| 999 |
_c77187 _d77187 |
||